Текст песни группы "Nautilus Pompilius" "Скованные одной цепью" - Statistics

General Stats
  • This quiz has been taken 186 times
  • The average score is 114 of 186
Answer Stats
текст % Correct
одной
92%
цепью,
92%
одной...
92%
к
92%
Скованные
91%
скованные
91%
связанные
86%
целью,
86%
Я
85%
я
85%
а
84%
в
84%
И
80%
и
80%
как
78%
чувствую
76%
За
75%
на
75%
за
75%
Круговая
74%
порука
74%
руку,
74%
копоть.
73%
локоть.
73%
чью-то
69%
Здесь
68%
здесь
68%
взгляд,
67%
ищу
64%
глаза,
64%
где
64%
находится
64%
розовый
64%
закат.
64%
зад.
63%
выше
62%
красным
62%
восходом -
61%
голов
59%
но
58%
держу
57%
что
56%
то,
55%
не
55%
про
52%
куриц.
51%
ни
51%
орлы
50%
ради
50%
скованных
50%
связанных
50%
Можно
50%
можно
50%
может,
50%
усталость.
49%
бройлерных
48%
равнение,
47%
даже
47%
целуясь,
47%
верить
47%
Нищие
47%
молятся:
47%
молятся
47%
те,
46%
мерилом
46%
считают
46%
из
46%
пространства
45%
чтобы
45%
сделать
45%
колонны.
45%
улиц.
45%
отсутствие
45%
веры.
45%
дела.
45%
их
45%
нищета
45%
гарантирована.
45%
женщины
45%
находят
45%
лишь
45%
работы
45%
последних
45%
составы
44%
Одни
44%
для
44%
похожи,
44%
быть
44%
огромны.
43%
кухонь,
43%
делать
43%
тобой -
43%
старость.
43%
первые
43%
смяли,
42%
слова
42%
другие -
42%
играть
42%
трубе,
42%
всё
42%
если
42%
есть
42%
кто
42%
тебе,
42%
ищут,
42%
себя
41%
кожи:
41%
меньше
41%
устали,
41%
скованными
41%
играй,
40%
найдутся
40%
кабинетах
40%
брошены
39%
играешь
39%
отбой.
39%
придёт
39%
нет
39%
негодяев
39%
связанными
39%
суставы
38%
также
37%
вялы,
36%
приходит
28%
вяжет,
10%
No matching quizzes found
Score Distribution
Percent of People with Each Score
Percentile by Number Answered
Your Score History
You have not taken this quiz